000
00251nam a22001097a 4500
082
_a
621.381528 MUH'T
100
_a
MUHAMMAD BASHIR
_9
75145
245
_a
TRANSISTOR EXPERIENCES
260
_a
LAHORE
_b
MARKAZI
_c
1982
300
_a
103P
942
_c
BK
_2
ddc
999
_c
580624
_d
580624